| 000 | 00487 a2200181 4500 | ||
|---|---|---|---|
| 003 | Nust | ||
| 005 | 20170207153242.0 | ||
| 040 | _cNust | ||
| 082 | _a005.1 | ||
| 100 | _aKhurshed,Capt Omer BESE-08 | ||
| 245 |
_aWireless LAN 802.11 Implemention in GSM based mobile networks _cCapt Omer Khurshed & NC Raabia Irfan BESE-08 |
||
| 260 |
_bMCS _c2006 |
||
| 300 | _a193 p. | ||
| 505 | _rIrfan, NC Raabia | ||
| 538 | _aAlmirah No 71 Shelf No 5 | ||
| 650 | _aUG Projects | ||
| 651 | _aUG CS Projects | ||
| 942 | _cTHS | ||
| 999 |
_c182455 _d182455 |
||